Geography Quiz

Random Geography or City Quiz

Cities from Space Quiz Stats

 Plays Quiz Updated Jul 24, 2013

Also try: Just Read the Map
Challenge
Share
Tweet
Score 0/20 Timer 06:00
3 Plays Today
% Correct
Cairo, Egypt
92.5%
San Francisco, USA
90.1%
London, United Kingdom
87.3%
New Orleans, USA
81.1%
Dubai, United Arab Emirates
77.1%
New York, USA
70.4%
Venice, Italy
65.8%
Chicago, USA
64.3%
Athens, Greece
55.9%
Buffalo, USA & Niagara Falls, USA/Canada
54.4%
% Correct
Honolulu, USA
52.6%
Montreal, Canada
51.7%
Boston, USA
51.2%
Tunis, Tunisia
41.5%
Barcelona, Spain
40.3%
Istanbul, Turkey
37.4%
Kinshasa, DRC & Brazzaville, RC
30%
Seoul, South Korea
25.2%
Havana, Cuba
16.9%
Brisbane, Australia
10.1%

You're not logged in!

Compare scores with friends on all Sporcle quizzes.
Join for Free
OR
Log In

You Might Also Like...

Show Comments

Extras

Top Quizzes Today


Score Distribution

Your Account Isn't Verified!

In order to create a playlist on Sporcle, you need to verify the email address you used during registration. Go to your Sporcle Settings to finish the process.

Report this User

Report this user for behavior that violates our Community Guidelines.

Details: